| 000 | 00561nam a22001817a 4500 | ||
|---|---|---|---|
| 005 | 20251108175410.0 | ||
| 008 | 250721s2014 xx 000 0 ara d | ||
| 082 | 1 | 4 | _a926.1/رفع |
| 100 | 1 | _aرفعت، أسامة نهاد | |
| 245 | 1 | 0 | _aقصص و مواقف في الطب والحياة / |
| 264 | 1 |
_aبيروت : _bالمؤسسة العربية للدراسات و النشر، _c2014. |
|
| 300 | _a189 ص. | ||
| 650 | 1 | 7 | _aالأطباء |
| 650 | 1 | 7 | _aالتراجم |
| 650 | 1 | 7 | _aالسيرة الذاتية |
| 942 |
_2ddc _cBK |
||
| 999 |
_c133196 _d133196 |
||